Svetové hospodárstvo

Na minha lista:
Detalhes bibliográficos
Autor principal: Lipková, Ľudmila (Author)
Formato: Livro
Idioma:eslovaco
Publicado em: Bratislava : Sprint, 2000
Assuntos:
Acesso em linha:OBSAH
Tags: Adicionar Tag
Sem tags, seja o primeiro a adicionar uma tag!

MARC

LEADER 00000nam a22000003a 4500
001 stu61522
005 20150617225651.2
008 011024s2000----xo------------------slo-d
020 |a 80-88848-35-0 
040 |a STU  |b slo 
041 0 |a slo 
044 |a xo 
080 |a 339.9  |7 stu_us_auth*stu6213 
100 1 |a Lipková, Ľudmila  |4 aut 
245 1 |a Svetové hospodárstvo 
260 |a Bratislava :  |b Sprint,  |c 2000 
300 |a 204 s 
650 7 |a Hospodárstvo svetové  |2 stusub 
856 4 |a https://sweb.mtf.stuba.sk/obsahy/svetove_hospodarstvo_00  |u https://sweb.mtf.stuba.sk/obsahy/svetove_hospodarstvo_00  |3 OBSAH 
996 |b 284M033405  |c M*10786-1  |l MMKN  |s A  |a 24  |w stu61522_0001